| 000 | 00583cam a2200217 a 4500 | ||
|---|---|---|---|
| 999 |
_c1046 _d1046 |
||
| 001 | 15341 | ||
| 003 | BD-DhUAP | ||
| 005 | 20200204103229.0 | ||
| 008 | 200202s2008 ii 001 0 eng | ||
| 020 | _a9788170129783 | ||
| 040 |
_aDLC _cDLC _dBD-DhUAP _bEng |
||
| 082 | 0 | 0 |
_223 _a349.54 NAG |
| 100 | 1 | _aNagpal, Ramesh Chandra. | |
| 245 | 1 | 0 |
_aModern Hindu law / _cRamesh Chandra Nagpal. |
| 250 | _a2nd ed. | ||
| 260 |
_aLucknow : _bEastern Book Co., _cc2008. |
||
| 300 |
_aliv, 1170 pages ; _c25 cm. |
||
| 500 | _aIncludes index. | ||
| 650 | 0 |
_aHindu law _zIndia. |
|
| 942 |
_2ddc _cBK |
||